MDQL
is popping MORE tags! Check the
thread
!
Quizzes
Events
Quiz Creation
Community
Videos
Private Events
Remove Ads
Sign In
Join for FREE
Feedback
Dark Mode
Quiz Categories
Sports
Geography
Music
Movies
Television
Just For Fun
Miscellaneous
History
Literature
Language
Science
Gaming
Entertainment
Religion
Holiday
For Kids
Quiz Lab
Recent
Popular Today
Quiz Kudos Today
Editor Picks
Curator Picks
Quizzes by...
Day
Popularity
Type
Ratings
Length
Year
Community
Subscriptions
Recent Discussions
Orange Saloon
Badges
Playlists
Quests
Create
Leaderboards
Showdown
Live 5
Trivia Bingo
Activity
Puzzle Library
Sporcle Events
Private Events
Virtual Trivia
Globe League
Become a Host
Pub Owners
SporcleCon
Opinionation
Our Games
Videos
Blog
Mobile Apps
Partnerships
Remove Ads and Go Orange
Feedback
Music
Pop Music
The Beatles
Song
Album
Lyrics
Bands
Singers
Artist
Clip
Rock
Rap
Classical
Billboard
Country Music
Kpop
Taylor Swift
Music
Pop Music
The Beatles
Song
Album
Lyrics
Bands
Singers
Artist
Clip
Rock
Rap
Classical
Billboard
Country Music
Kpop
Taylor Swift
Random Quiz
Search Sporcle
×
Quiz Lab
Quiz Lab
Music
Kpop
Type in answers that appear in a list
Type in answers that appear in a list
Classic
Best Score? Go Orange.
Name the kpop boy group members Stats
Can you name the kpop boy group members?
By
Kkukkung
20m
276 Questions
296 Plays
296 Plays
296 Plays
Comments
Comments
Give Quiz Kudos
Give Quiz Kudos
-
- Ratings
hide this ad
Replay
Link that replays current quiz
Next Quiz
Link to next quiz in quiz playlist
You Got
0%
They Got
Avg Score
57%
Avg Friend Score
Upgrade to see
Score Distribution
Jump to the score distribution portion of the page
Score
0/276
Timer
20:00
0
Plays Today
Group
Answer
% Correct
EXO
D.O
95.6%
A.C.E
Chan
95.2%
UNB
Chan
95.2%
U-
KISS
Jun
94.9%
SEVENTEEN
Jun
94.9%
A.C.E
Jun
94.9%
BTS
Jin
94.5%
UNB
Jun
94.5%
SHINEE
Jonghyun
94.2%
CNBLUE
Jonghyun
93.9%
MADTOWN
H.O
93.9%
SHINEE
Taemin
93.2%
SHINEE
Minho
92.8%
MAP6
Sun
92.8%
BTS
Jungkook
92.5%
BTS
Suga
92.5%
BTS
Jimin
92.5%
BTS
J-Hope
92.5%
BTS
RM
92.2%
SHINEE
Key
91.8%
EXO
Kai
91.8%
EXO
Suho
91.8%
EXO
Baekhyun
91.5%
EXO
Lay
91.5%
EXO
Sehun
91.5%
EXO
Chen
91.1%
DAY6
Jae
90.4%
B.A.P
Youngjae
90.4%
GOT7
Youngjae
90.4%
BTOB
Minhyuk
90.1%
MONSTA X
Minhyuk
90.1%
GOT7
Jackson
90.1%
SHINEE
Onew
89.8%
MAP6
Minhyuk
89.8%
CNBLUE
Minhyuk
89.8%
EXO
Chanyeol
89.8%
SEVENTEEN
89.8%
SEVENTEEN
Woozi
88.7%
GOT7
JB
88.7%
EXO
Xiumin
88.1%
WANNA ONE
Jinyoung
88.1%
B1A4
Jinyoung
88.1%
GOT7
Jinyoung
88.1%
BTS
V
87.7%
SEVENTEEN
Vernon
87.7%
SEVENTEEN
The8
87.7%
GOT7
BamBam
87.7%
SEVENTEEN
S.Coups
87.4%
VIXX
Ravi
87.4%
SUPER JUNIOR
Heechul
87.4%
GOT7
Mark
87.4%
VIXX
Leo
87%
VIXX
Ken
86.7%
MONSTA X
I.M
86.7%
SEVENTEEN
Dino
86.7%
MONSTA X
Shownu
86.3%
SEVENTEEN
Hoshi
86.3%
WANNA ONE
Daniel
86.3%
VIXX
N
86%
SEVENTEEN
Joshua
86%
MONSTA X
Wonho
85.7%
SUPER JUNIOR
Leeteuk
84.6%
SEVENTEEN
DK
84.6%
GOT7
Yugyeom
84.6%
SEVENTEEN
Mingyu
84%
SEVENTEEN
Seungkwan
82.9%
SEVENTEEN
Jeonghan
82.9%
SEVENTEEN
Wonwoo
82.9%
MONSTA X
Kihyun
82.3%
MONSTA X
Hyungwon
81.9%
MONSTA X
Jooheon
81.2%
VIXX
Hyuk
80.9%
BTOB
Sungjae
80.9%
INFINITE
L
80.5%
BTOB
Peniel
80.2%
WINNER
Mino
80.2%
NU'EST
Ren
79.9%
BLOCK B
Zico
79.9%
CROSS GENE
Shin
79.5%
VIXX
Hongbin
78.5%
SUPER JUNIOR
Donghae
78.2%
BTOB
Ilhoon
77.5%
SUPER JUNIOR
Siwon
77.5%
SUPER JUNIOR
Shindong
77.5%
NU'EST
JR
77.5%
SUPER JUNIOR
Yesung
76.8%
DAY6
Wonpil
76.1%
BTOB
Eunkwang
75.8%
SUPER JUNIOR
Eunhyuk
75.8%
NU'EST
Minhyun
75.1%
WANNA ONE
Minhyun
75.1%
B.A.P
Zelo
74.7%
Group
Answer
% Correct
DAY6
Young K
74.7%
NU'EST
Aron
74.1%
BLOCK B
Taeil
74.1%
WANNA ONE
Jisung
73.4%
BTOB
Changsub
73.4%
WANNA ONE
Jihoon
73.4%
BLOCK B
P.O
73.4%
SUPER JUNIOR
Henry
73%
WANNA ONE
Daehwi
72.4%
SUPER JUNIOR
Kyuhyun
71.7%
NU'EST
Baekho
71.7%
RAINZ
Daehyeon
71.7%
B.A.P
Daehyun
71.3%
MBLAQ
Seungho
70.6%
WANNA ONE
Guanlin
70.6%
SUPER JUNIOR
Ryeowook
70.3%
BTOB
Hyunsik
69.6%
DAY6
Dowoon
69.6%
WINNER
Seunghoon
69.6%
BLOCK B
B-Bomb
69.3%
INFINITE
Sunggyu
68.9%
WANNA ONE
Woojin
68.9%
B.A.P
Yongguk
68.6%
WINNER
Jinwoo
68.6%
WINNER
Seungyoon
68.6%
SUPER JUNIOR
Kangin
67.9%
B.A.P
Jongup
66.6%
B.A.P
Himchan
66.6%
INFINITE
Dongwoo
66.2%
DAY6
Sungjin
66.2%
INFINITE
Sungyeol
65.2%
WANNA ONE
Seongwoo
65.2%
2PM
Taecyeon
65.2%
BLOCK B
U-Kwon
65.2%
WANNA ONE
Sungwoon
64.8%
KNK
Inseong
64.2%
INFINITE
Woohyun
64.2%
HIGHLIGHT
Yoseob
64.2%
SF9
Rowoon
64.2%
SF9
Inseong
63.8%
WANNA ONE
Jaehwan
63.5%
2PM
Jun.K
63.5%
SUPER JUNIOR
Zhoumi
63.1%
SUPER JUNIOR
Sungmin
62.8%
INFINITE
Sungjong
62.1%
SF9
Taeyang
62.1%
MBLAQ
G.O
61.4%
B1A4
Baro
61.4%
BLOCK B
Kyung
61.4%
HIGHLIGHT
Kikwang
60.1%
B1A4
CNU
59.4%
SF9
Chani
59%
B1A4
Sandeul
59%
CNBLUE
Yonghwa
58.7%
BLOCK B
Jaehyo
58.4%
2PM
Junho
57.7%
HIGHLIGHT
Doojoon
56.7%
B1A4
Gongchan
56.7%
2PM
Nichkhun
56.3%
FTISLAND
Hongki
56%
SF9
Zuho
55.6%
SF9
Dawon
54.3%
SHINHWA
Eric
53.6%
2PM
Wooyoung
52.9%
HIGHLIGHT
Junhyung
52.2%
KNK
Seungjun
51.9%
HIGHLIGHT
Dongwoon
51.9%
SHINHWA
Minwoo
50.9%
BOYFRIEND
Minwoo
50.9%
100%
Minwoo
50.9%
SF9
Hwiyoung
50.5%
U-
KISS
Eli
50.2%
CNBLUE
Jungshin
49.8%
SF9
Youngbin
49.8%
A.C.E
Wow
49.8%
BOYFRIEND
Donghyun
49.1%
2PM
Chansung
48.8%
CROSS GENE
Takuya
48.5%
KNK
Heejun
48.1%
BOYFRIEND
Youngmin
48.1%
MBLAQ
Mir
47.8%
A.C.E
Jason
47.4%
KNK
Jihun
47.1%
BOYFRIEND
Kwangmin
46.8%
N.FLYING
Hun
46.4%
UP10TION
Wooshin
46.1%
N.FLYING
Jaehyun
45.7%
SF9
Jaeyoon
45.4%
U-
KISS
Hoon
45.1%
UP10TION
Xiao
44.7%
24K
Cory
44.4%
UP10TION
Bitto
43.7%
Group
Answer
% Correct
KNK
Youjin
43.3%
HONEYST
Hwan
43%
UP10TION
Wei
43%
U-
KISS
Kiseop
41.6%
UP10TION
Kuhn
41.6%
SHINHWA
Andy
41%
BOYFRIEND
Jeongmin
41%
BIGSTAR
Feeldog
40.6%
UNB
Feeldog
40.6%
B.I.G
Benji
40.3%
FTISLAND
Minhwan
39.9%
UP10TION
Sunyoul
39.9%
IMFACT
Sang
39.6%
FTISLAND
Jaejin
38.9%
MADTOWN
Jota
38.9%
UP10TION
Jinhoo
38.6%
A.C.E
Donghun
38.6%
UP10TION
Kogyeol
38.6%
U-
KISS
Soohyun
36.9%
UP10TION
Hwanhee
36.5%
BOYFRIEND
Hyunseong
35.5%
MADTOWN
Daewon
35.2%
UP10TION
Gyujin
35.2%
UNB
Daewon
35.2%
MADTOWN
Moos
34.5%
FTISLAND
Seunghyun
33.8%
IMFACT
Jeup
33.4%
B.I.G
Heedo
33.4%
FTISLAND
Jonghoon
32.8%
24K
Kisu
32.4%
N.FLYING
Seunghyub
31.1%
MADTOWN
Buffy
30.7%
CROSS GENE
Seyoung
30%
B.I.G
Gunmin
29.7%
MADTOWN
Lee Geon
29.7%
SHINHWA
Junjin
28.7%
CROSS GENE
Sangmin
28.7%
MYNAME
Seyong
28%
IMFACT
Ungjae
28%
IMFACT
Jian
27.6%
B.I.G
J-Hoon
27%
MYNAME
Insoo
27%
B.I.G
Minpyo
26.6%
MYNAME
JunQ
26.3%
24K
Changsun
26.3%
100%
Rockhyun
26.3%
SHINHWA
Hyesung
25.9%
BOYS REPUBLIC
Minsu
25.9%
N.FLYING
Kwangjin
25.3%
MYNAME
Gunwoo
25.3%
24K
Jeonguk
25.3%
CROSS GENE
Yongseok
25.3%
UNB
Marco
25.3%
UNB
Hansol
24.9%
BOYS REPUBLIC
Suwoong
24.2%
N.FLYING
Hweseung
23.9%
SHINHWA
Dongwan
23.9%
RAINZ
Eunki
23.9%
IMFACT
Taeho
23.9%
MYNAME
Chaejin
23.5%
BOYS REPUBLIC
Onejunn
23.5%
BOYS REPUBLIC
Sunwoo
23.2%
24K
Jinhong
23.2%
24K
Hongseob
23.2%
UNB
Euijin
23.2%
BOYS REPUBLIC
Sungjun
22.5%
MADTOWN
Heo Jun
22.2%
MAP6
J.Jun
21.2%
MAP6
Sign
21.2%
UNB
Hojung
19.1%
SNUPER
Woosung
18.4%
MAP6
J.Vin
18.4%
RAINZ
Hyunmin
18.1%
BIGSTAR
Raehwan
17.7%
RAINZ
Seongri
16.7%
100%
Hyukjin
16.7%
RAINZ
Sunghyuk
16.7%
SNUPER
Sangil
16.4%
UNB
Kijoong
16.4%
SNUPER
Sebin
16%
SNUPER
Suhyun
15.7%
RAINZ
Kiwon
15.7%
SNUPER
Sangho
15.4%
RAINZ
Wontak
15.4%
BIGSTAR
Jude
15.4%
SNUPER
Taewoong
15%
BIGSTAR
Sunghak
14%
100%
Chanyong
12.3%
HONEYST
Dongsung
11.6%
100%
Jonghwan
11.6%
HONEYST
Chulmin
11.3%
HONEYST
Seungseok
10.9%
Quiz Playlist
Details
Report
Send in Message
Add To Playlist
Classic:
Type in answers that appear in a list
Last Updated: Feb 24, 2018
Quiz Scoreboard
CHALLENGE
Sign Up to Join the Scoreboard
Show All
Scores
Hide
Comments
May contain spoilers
Recently Published
1-10 Letter E Words III
by El_Dandy
Language
2m
Street Fighter Characters
by Artimus82
Gaming
60s
College Basketball Coaching Resumes
by pancakes188
Sports
9m
More to Explore
Quiz From the Vault
Featured Blog Post
Where Did the Easter Bunny Come From?
hide this ad
You Might Also Like...
Tags
Kpop Quiz
Boy
group
Today's Top Quizzes in Music
Browse Music
hide this ad
Today's Top Quizzes in Kpop
Browse Kpop
Top Contributed Quizzes in Music
1
Taylor Swift All Songs (2024)
2
Taylor Swift Logic Puzzle
3
Guess the Artist- 70s Songs
4
7-to-1: Billboard Hot 100 #1 Hits of 2010s
5
Sorting Albums and Songs
6
KPOP LOGIC QUIZ
7
Billboard Blitz: Aretha Franklin
8
Guess the Taylor Swift song (Mystery Song)
9
Guess The Taylor Swift Lyrics Song #1
10
Billboard Blitz: ABBA
Explore More
Trending Topics
Harry Potter
Kpop
Marvel
NBA
Crossword
Anime
Disney
Country
Soccer
Pokémon
Puzzle
The Office
WWE
NFL
Song
hide this ad
More By:
Kkukkung
Quiz
Plays
Rating
Category
Featured
Created
Name the kpop groups
338
5.00
Music
Feb 15, 2018
Name the kpop boy group members
296
5.00
Music
Feb 14, 2018
Go to Creator's Profile
Score Distribution
Quiz Creator Spotlight
Kkukkung
Follow
Send a Message
Quizzes Created
-
Created Quiz Play Count
-
More By This Creator
Popular Quizzes Today
1
Find the US States - No Outlines Minefield
2
Find the Countries of Europe - No Outlines Minefield
3
The Countries of the World
4
Find the US States
5
Risky Map Clicking: Biggest States A-Z
6
US States
7
Popular People in 1961
8
Movies - When Are They Set?
More Music Quizzes
Musicians: Bills, Billys and Billies
Published
Trending Quizzes
Risky Map Clicking: Least Populous States A-Z
USA Borders Longest to Shortest
1-10 Letter G Words
1-10 Letter F Words
Countries of the World: 200 Million BC
Recently Updated
Leaping Animals
pecheneg
Reality TV Shows (A-Z)
bhenderson79
Rickey Henderson's Hall of Fame Teammates
pecheneg
Champions League XIs: Arsenal
pecheneg
Quick Pick: Celebrities in WWE's Hall of Fame
aduchscher
A-Z Keypad Blitz II
pecheneg
Multiple Oscar Actors
pecheneg
Mystery Phrase Blitz: Oscar 'Best Actors'
pecheneg
F. Scott Fitzgerald Novels
LTH
Pick 3 Villains
ddd62291
Trending Topics
Crossword
Disney
Marvel
NBA
Anime
Kpop
Harry Potter
Soccer
Puzzle
WWE
Pokémon
NFL
Song
Country
The Office
Your Account Isn't Verified!
In order to create a playlist on Sporcle, you need to verify the email address you used during registration. Go to your
Sporcle Settings
to finish the process.
Report this User
Report this user for behavior that violates our
Community Guidelines
.
Details:
Send Report
Go to the Sporcle.com Mobile Site →
Comments